Controversial Countries by Flag - Statistics

General Stats
  • This quiz has been taken 22 times
  • The average score is 11 of 16
Answer Stats
Picture Answer % Correct
South Korea
100%
Taiwan
95%
China
89%
Cyprus
89%
Kosovo
89%
North Korea
84%
Palestine
68%
Niue
58%
Basque Country
53%
Cook Islands
53%
South Ossetia
53%
Turkish Republic of Northern Cyprus
53%
Abkhazia
47%
Somaliland
47%
Western Sahara
42%
Transnistria
37%
No matching quizzes found
Score Distribution
Percent of People with Each Score
Percentile by Number Answered
Your Score History
You have not taken this quiz